Ot Skifii do Indii ; drevnije arii : mify i istorija /

Hlavní autor: Bongard-Levin, Grigorij Maksimovič, 1933-2008
Další autoři: Grantovskij, Edvin Arvidovič
Jazyk: Ruština
Vydáno: Moskva : Mysl', 1983
Vydání: 2., ispr. i dopol. izd.
Fyzický popis: 205 s.
Knihy
Uloženo v:
LEADER 00807nam a2200241 a 4500
001 000478916
003 CZ BrMZK
005 20100604141907.0
007 ta
008 000105s1983 ru rus d
040 |a BOA001  |b cze 
080 |a 934  |2 MRF 
100 1 |a Bongard-Levin, Grigorij Maksimovič,  |d 1933-2008  |7 jn19981000305  |4 aut 
245 1 0 |a Ot Skifii do Indii ;  |b drevnije arii : mify i istorija /  |c Grigorij M. Bongard-Levin, Edvin A. Grantovskij 
250 |a 2., ispr. i dopol. izd. 
260 |a Moskva :  |b Mysl',  |c 1983 
300 |a 205 s. 
504 |a Obsahuje bibliografii 
700 1 |a Grantovskij, Edvin Arvidovič  |4 aut 
740 0 2 |a Drevnije arii 
910 |a BOA001  |b 2-0870.913 
990 |a BK 
996 7 |b 2619717598  |c 2-0870.913  |l MZK  |r Sklad / do 1 hodiny  |n 4  |w 000478916  |u 000010  |a 1  |e BOA001  |j MZK50  |s A